El gusto de la sinceridad /
Guardado en:
| Autor principal: | |
|---|---|
| Formato: | Desconocido |
| Lenguaje: | Spanish |
| Publicado: |
La Habana, Cuba :
Editorial Letras Cubanas ,
1991.
|
| Colección: | (El Papel Literario)
|
| Materias: | |
| Etiquetas: |
Agregar Etiqueta
Sin Etiquetas, Sea el primero en etiquetar este registro!
|
MARC
| LEADER | 000000000a22000000004500 | ||
|---|---|---|---|
| 001 | 001670 | ||
| 041 | 0 | |a spa | |
| 082 | 0 | 4 | |a Cu861.44 |b S237g |
| 100 | 1 | |a Santos, Romualdo | |
| 245 | 1 | 3 | |a El gusto de la sinceridad / |c Romualdo Santos. |
| 260 | 1 | |a La Habana, Cuba : |b Editorial Letras Cubanas , |c 1991. | |
| 300 | |a 33 páginas | ||
| 490 | 1 | |a (El Papel Literario) | |
| 500 | |a Ejemplar en estuche | ||
| 650 | 4 | |a LITERATURA CUBANA | |
| 650 | 4 | |a POESIA | |
| 999 | |c 8364 |d 8364 | ||
| 942 | |c BK |h Cu861.44 S237g |2 z | ||
